Markterfolg in Japan

Đã lưu trong:
Sonraí Bibleagrafaíochta
Príomhúdar: Simon, Hermann
Formáid: Leabhar
Teanga:Undetermined
Foilsithe: Germany Gabler 1986
Ábhair:
Clibeanna: Cuir Clib Leis
Gan Chlibeanna, Bí ar an gcéad duine leis an taifead seo a chlibeáil!
Thư viện lưu trữ: Trung tâm Học liệu Trường Đại học Cần Thơ
LEADER 00441nam a2200181Ia 4500
001 CTU_79360
008 210402s9999 xx 000 0 und d
082 |a 380.1 
082 |b S594 
100 |a Simon, Hermann 
245 0 |a Markterfolg in Japan 
245 0 |c Hermann Simon 
260 |a Germany 
260 |b Gabler 
260 |c 1986 
650 |a Marketing 
650 |z Japan 
980 |a Trung tâm Học liệu Trường Đại học Cần Thơ